[Event "San Sebastian op 33rd"]
[Site "San Sebastian"]
[Date "2010.04.03"]
[Round "8"]
[White "Jakobsen, Ole"]
[Black "San Segundo Carrillo, Pablo"]
[Result "1/2-1/2"]
[WhiteElo "2332"]
[BlackElo "2534"]
[PlyCount "114"]
[EventDate "2010.03.28"]
[EventType "swiss"]
[EventRounds "9"]
[EventCountry "ESP"]
[SourceTitle "CBM 135 Extra"]
[Source "ChessBase"]
[SourceDate "2010.05.04"]
[SourceVersion "1"]
[SourceVersionDate "2010.05.04"]
[SourceQuality "1"]

1. d4 Nf6 2. c4 e6 3. Nf3 d5 4. Nc3 dxc4 5. e3 a6 6. a4 b6 7. Bxc4 Bb7 8. 0-0 Bb4 9. Qe2 0-0 10. Rd1 Nbd7 11. Bd3 Bd6 12. e4 e5 13. d5 h6 14. Bc4 Re8 15. Nd2 Nf8 16. Nf1 Ng6 17. g3 Bc8 18. Ne3 Bc5 19. Nf5 Bxf5 20. exf5 Ne7 21. Qf3 Nc8 22. Bd3 Bd4 23. Ne4 Nd6 24. Rb1 Nxd5 25. Bxh6 gxh6 26. f6 Nxe4 27. Bxe4 Qxf6 28. Bxd5 Qxf3 29. Bxf3 Rad8 30. b4 Rd6 31. Be2 a5 32. bxa5 bxa5 33. Rb5 Rf6 34. Rf1 Bb6 35. Kg2 Kg7 36. f3 Rd6 37. Rd1 Rxd1 38. Bxd1 Rd8 39. Be2 Kf6 40. Rb2 Rd4 41. Bb5 Bc5 42. Rc2 Bb6 43. Rc6+ Kg7 44. h4 Rd2+ 45. Kh3 Rf2 46. Kg4 h5+ 47. Kxh5 Rxf3 48. g4 e4 49. Rc4 e3 50. Re4 Bc5 51. g5 Rg3 52. Rf4 Bd6 53. Re4 f6 54. Re6 fxg5 55. hxg5 Bf4 56. Rg6+ Kh8 57. Rh6+ Kg7 1/2-1/2

[Event "San Sebastian op 33rd"]
[Site "San Sebastian"]
[Date "2010.04.01"]
[Round "5"]
[White "Aranaz Murillo, Amalia"]
[Black "Jakobsen, Ole"]
[Result "0-1"]
[WhiteElo "2083"]
[BlackElo "2332"]
[PlyCount "184"]
[EventDate "2010.03.28"]
[EventType "swiss"]
[EventRounds "9"]
[EventCountry "ESP"]
[SourceTitle "CBM 135 Extra"]
[Source "ChessBase"]
[SourceDate "2010.05.04"]
[SourceVersion "1"]
[SourceVersionDate "2010.05.04"]
[SourceQuality "1"]

1. Nf3 g6 2. c4 Bg7 3. e4 d6 4. d4 Bg4 5. Be2 Nc6 6. Be3 e5 7. d5 Bxf3 8. Bxf3 Nd4 9. Nc3 Ne7 10. Bxd4 exd4 11. Ne2 c5 12. dxc6 bxc6 13. 0-0 Qb6 14. Qd2 Rb8 15. Rab1 a5 16. Nc1 0-0 17. Nd3 c5 18. Rfe1 Nc6 19. Bd1 Ne5 20. Nxe5 dxe5 21. Bc2 Qa6 22. b3 Rb6 23. a4 h5 24. Qe2 Bh6 25. Red1 Kg7 26. g3 Rf6 27. Rd3 Qb6 28. Kg2 Qc7 29. Rbd1 Rh8 30. Rf3 Rxf3 31. Qxf3 Qb6 32. Qd3 h4 33. Qf3 Qe6 34. h3 hxg3 35. fxg3 Be3 36. Rh1 Qb6 37. Rd1 Rf8 38. g4 Bg5 39. Qg3 Qf6 40. Rf1 Bf4 41. Qf3 Qg5 42. Rf2 Rh8 43. Rf1 Qh4 44. Rf2 Rb8 45. Qd3 Be3 46. Rf3 Rh8 47. Qf1 f6 48. Qd3 Qg5 49. Qe2 Qh4 50. Qd3 Rf8 51. Qf1 Qg5 52. Qd3 Bf4 53. Kf1 Kh6 54. Rf2 Qh4 55. Rf3 Kg7 56. Kg2 Qg5 57. Kf1 Kf7 58. Qe2 Ke7 59. Qe1 Bd2 60. Qe2 Bc3 61. Kg2 Rh8 62. Qd3 Qd2+ 63. Qxd2 Bxd2 64. Kg3 Ke6 65. Bd3 Bf4+ 66. Kg2 Rb8 67. Bc2 Bg5 68. Kg3 Rh8 69. Bd3 Kf7 70. Bc2 Kg7 71. Bd3 Bh4+ 72. Kg2 Kh6 73. Kh2 Kg5 74. Kg2 Be1 75. Bc2 Bd2 76. Bd1 Bf4 77. Bc2 Re8 78. Bd3 f5 79. gxf5 gxf5 80. Rf1 fxe4 81. Bxe4 Kh4 82. Bf5 Rf8 83. Bg4 e4 84. Re1 Be3 85. Re2 Kg5 86. Be6 Kf4 87. Bg4 d3 88. Re1 Rg8 89. Rf1+ Ke5 90. Re1 Kd4 91. Kg3 d2 92. Rd1 Kd3 0-1

[Event "San Sebastian op 33rd"]
[Site "San Sebastian"]
[Date "2010.03.29"]
[Round "2"]
[White "Jakobsen, Ole"]
[Black "Tome Vazquez, Oscar"]
[Result "1-0"]
[WhiteElo "2332"]
[BlackElo "2015"]
[PlyCount "85"]
[EventDate "2010.03.28"]
[EventType "swiss"]
[EventRounds "9"]
[EventCountry "ESP"]
[SourceTitle "CBM 135 Extra"]
[Source "ChessBase"]
[SourceDate "2010.05.04"]
[SourceVersion "1"]
[SourceVersionDate "2010.05.04"]
[SourceQuality "1"]

1. d4 g6 2. e4 Bg7 3. c4 d6 4. Nc3 e5 5. Nge2 Nc6 6. Be3 Nh6 7. f3 f5 8. d5 Ne7 9. Qd2 f4 10. Bf2 Nf7 11. Nc1 0-0 12. b4 g5 13. h3 a6 14. Nb3 Bd7 15. a4 c6 16. a5 Ng6 17. 0-0-0 Ne7 18. Kb2 cxd5 19. Bb6 Qe8 20. cxd5 Nc8 21. Qf2 Bf6 22. Ra1 Bd8 23. Bxd8 Qxd8 24. b5 axb5 25. Nxb5 Bxb5 26. Bxb5 Na7 27. Bd3 Qd7 28. Qb6 Rfc8 29. Rhc1 Rxc1 30. Rxc1 Nc8 31. Qc7 Qxc7 32. Rxc7 Rb8 33. Bb5 Nd8 34. Be8 Kf8 35. Bh5 Kg8 36. Rd7 Na7 37. Rxd6 Nb5 38. Rd7 h6 39. Be8 Na7 40. Nc5 Kf8 41. Bh5 Nb5 42. Ne6+ Nxe6 43. dxe6 1-0

[Event "Wch Seniors 19th"]
[Site "Condino"]
[Date "2009.11.06"]
[Round "10"]
[White "Buxade Roca, Guillermo"]
[Black "Jakobsen, Ole"]
[Result "1/2-1/2"]
[WhiteElo "2175"]
[BlackElo "2344"]
[PlyCount "157"]
[EventDate "2009.10.27"]
[EventType "swiss"]
[EventRounds "11"]
[EventCountry "ITA"]
[SourceTitle "EXT 2010"]
[Source "ChessBase"]
[SourceDate "2010.11.25"]
[SourceVersion "1"]
[SourceVersionDate "2010.11.25"]
[SourceQuality "1"]

1. e4 c5 2. Nc3 a6 3. g3 b5 4. Bg2 Bb7 5. d3 e6 6. Nf3 d6 7. 0-0 Nd7 8. a3 Ngf6 9. Qe2 Be7 10. Nd1 0-0 11. Ne3 Qc7 12. b3 d5 13. exd5 Nxd5 14. Nxd5 Bxd5 15. Bb2 Bf6 16. Bxf6 Nxf6 17. Rfd1 Rad8 18. c4 bxc4 19. dxc4 Bxf3 20. Bxf3 a5 21. Rxd8 Rxd8 22. Rd1 Rxd1+ 23. Qxd1 g6 24. Qd2 Nd7 25. Qc3 f6 26. b4 axb4 27. axb4 cxb4 28. Qxb4 Nc5 29. Qb5 Kf8 30. h4 h5 31. Qb1 Kg7 32. Kg2 Qd6 33. Qa1 Qe7 34. Qa3 Qc7 35. Qe3 Qe7 36. Qa3 Kh7 37. Kf1 Qc7 38. Kg2 Kg7 39. Kf1 Kf7 40. Kg2 Nd7 41. Qc1 Kg7 42. Qc3 Qc5 43. Qb3 Ne5 44. Qb8 Qxc4 45. Qb7+ Nf7 46. Qd7 Kf8 47. Bc6 g5 48. hxg5 fxg5 49. Bf3 g4 50. Bb7 Qb4 51. Bc6 Qe7 52. Qd4 Qd6 53. Qc3 Qe5 54. Qd3 Kg7 55. Be4 Nd6 56. Ba8 Nf7 57. Be4 Ng5 58. Bc6 Qf6 59. Qd7+ Kh6 60. Qd2 Qf5 61. Qd4 Kh7 62. Qd7+ Qf7 63. Be4+ Kg7 64. Qd4+ Qf6 65. Qd7+ Kh6 66. Qd2 Qe5 67. Bc6 Qf5 68. Qb2 e5 69. Bb7 Qf6 70. Qd2 Kg6 71. Qd3+ Kg7 72. Qd7+ Qf7 73. Qb5 Qe7 74. Bd5 e4 75. Qc6 Qe5 76. Qb7+ Kf6 77. Qc6+ Kg7 78. Qb7+ Kh6 79. Qc6+ 1/2-1/2

[Event "Wch Seniors 19th"]
[Site "Condino"]
[Date "2009.11.05"]
[Round "9"]
[White "Jakobsen, Ole"]
[Black "Vrhovnik, Damir"]
[Result "1/2-1/2"]
[WhiteElo "2344"]
[BlackElo "2045"]
[PlyCount "37"]
[EventDate "2009.10.27"]
[EventType "swiss"]
[EventRounds "11"]
[EventCountry "ITA"]
[SourceTitle "EXT 2010"]
[Source "ChessBase"]
[SourceDate "2010.11.25"]
[SourceVersion "1"]
[SourceVersionDate "2010.11.25"]
[SourceQuality "1"]

1. d4 Nf6 2. c4 c5 3. d5 e6 4. Nc3 exd5 5. cxd5 d6 6. e4 g6 7. h3 a6 8. a4 Bg7 9. Nf3 Nbd7 10. Bd3 Nh5 11. 0-0 Ne5 12. Be2 Nxf3+ 13. Bxf3 Qh4 14. Bxh5 gxh5 15. Qd3 Rg8 16. Kh2 c4 17. Qe3 Bd4 18. Qxd4 Rxg2+ 19. Kxg2 1/2-1/2

[Event "Wch Seniors 19th"]
[Site "Condino"]
[Date "2009.11.04"]
[Round "8"]
[White "Zelkind, Eduard"]
[Black "Jakobsen, Ole"]
[Result "0-1"]
[WhiteElo "2205"]
[BlackElo "2344"]
[PlyCount "102"]
[EventDate "2009.10.27"]
[EventType "swiss"]
[EventRounds "11"]
[EventCountry "ITA"]
[SourceTitle "EXT 2010"]
[Source "ChessBase"]
[SourceDate "2010.11.25"]
[SourceVersion "1"]
[SourceVersionDate "2010.11.25"]
[SourceQuality "1"]

1. e4 c5 2. Nc3 a6 3. f4 b5 4. a4 b4 5. Nb1 Bb7 6. d3 e6 7. Nf3 d5 8. Nbd2 Nf6 9. Qe2 Be7 10. g3 0-0 11. Bg2 Nc6 12. e5 Nd7 13. 0-0 Qc7 14. Bh3 g6 15. b3 c4 16. dxc4 Bc5+ 17. Kh1 Nd4 18. Qd3 dxc4 19. bxc4 Nxf3 20. Nxf3 Rad8 21. Bb2 Nb6 22. Qb3 Bd4 23. Bg2 Bxb2 24. Qxb2 a5 25. Qb3 Nxc4 26. Rf2 Qc5 27. Re2 Rd7 28. Rae1 Rfd8 29. Ng5 Bxg2+ 30. Kxg2 Nd2 31. Qe3 Qxe3 32. Rxe3 h6 33. Nf3 Nxf3 34. Kxf3 Rc8 35. R1e2 Rdc7 36. Rd3 Rxc2 37. Rxc2 Rxc2 38. Rd8+ Kg7 39. Ra8 Rc5 40. g4 g5 41. fxg5 hxg5 42. Ke4 b3 43. Kd4 Rc1 44. Rb8 Ra1 45. Kc3 Rxa4 46. Rb5 Rxg4 47. Rxa5 Rh4 48. Kxb3 Rxh2 49. Kc3 Rf2 50. Kd3 Kg6 51. Ke3 Rf5 0-1

[Event "Wch Seniors 19th"]
[Site "Condino"]
[Date "2009.11.02"]
[Round "6"]
[White "Simon Padros, Emili"]
[Black "Jakobsen, Ole"]
[Result "1/2-1/2"]
[WhiteElo "2237"]
[BlackElo "2344"]
[PlyCount "24"]
[EventDate "2009.10.27"]
[EventType "swiss"]
[EventRounds "11"]
[EventCountry "ITA"]
[SourceTitle "EXT 2010"]
[Source "ChessBase"]
[SourceDate "2010.11.25"]
[SourceVersion "1"]
[SourceVersionDate "2010.11.25"]
[SourceQuality "1"]

1. e4 c5 2. c3 d6 3. d4 Qc7 4. Nf3 g6 5. dxc5 dxc5 6. Bc4 Bg7 7. 0-0 Nh6 8. Bg5 0-0 9. Qc1 Ng4 10. h3 Ne5 11. Nxe5 Qxe5 12. Qe3 Qc7 1/2-1/2

[Event "Borup op 4th"]
[Site "Borup"]
[Date "2009.09.13"]
[Round "9"]
[White "Akdag, Dara Sevkan"]
[Black "Jakobsen, Ole"]
[Result "1/2-1/2"]
[WhiteElo "2188"]
[BlackElo "2344"]
[PlyCount "113"]
[EventDate "2009.09.04"]
[EventType "swiss"]
[EventRounds "9"]
[EventCountry "DEN"]
[SourceTitle "CBM 132 Extra"]
[Source "ChessBase"]
[SourceDate "2009.11.03"]
[SourceVersion "1"]
[SourceVersionDate "2009.11.03"]
[SourceQuality "1"]

1. d4 e6 2. c4 b6 3. a3 f5 4. Nc3 Nf6 5. Nf3 Bb7 6. d5 Bd6 7. g3 c6 8. Bg2 0-0 9. Nd4 Qe7 10. 0-0 Be5 11. Bf4 Bxf4 12. gxf4 Ne4 13. Qd3 exd5 14. cxd5 cxd5 15. Ndb5 Na6 16. b4 Nxc3 17. Nxc3 Nc7 18. Nxd5 Bxd5 19. Bxd5+ Nxd5 20. Qxd5+ Kh8 21. e3 Rac8 22. Rfd1 Qh4 23. Qf3 Qf6 24. Ra2 Rc7 25. Rad2 Qe7 26. Rd6 h6 27. h3 Rf6 28. R6d5 Qf7 29. Kh2 Kh7 30. R1d2 Qe6 31. Qd1 Rf7 32. Rd6 Qe7 33. Qh5 Rf6 34. R6d5 Qe6 35. Qd1 Rf7 36. Re5 Qf6 37. Rd6 Qh4 38. Kg2 Rf6 39. Rxf6 Qxf6 40. Qd3 g6 41. Kg3 d6 42. Re8 Rg7 43. Qd4 Qf7 44. Rd8 g5 45. Rxd6 gxf4+ 46. Kxf4 Qa2 47. e4 Qxa3 48. Qf6 Qc1+ 49. Ke5 Qb2+ 50. Kxf5 Qxf2+ 51. Ke5 Rg5+ 52. Ke6 Qxf6+ 53. Kxf6 Rg6+ 54. Ke7 Rxd6 55. Kxd6 a5 56. bxa5 bxa5 57. e5 1/2-1/2

[Event "Borup op 4th"]
[Site "Borup"]
[Date "2009.09.12"]
[Round "8"]
[White "Jakobsen, Ole"]
[Black "Molvig, Henrik"]
[Result "1/2-1/2"]
[WhiteElo "2344"]
[BlackElo "2171"]
[PlyCount "52"]
[EventDate "2009.09.04"]
[EventType "swiss"]
[EventRounds "9"]
[EventCountry "DEN"]
[SourceTitle "CBM 132 Extra"]
[Source "ChessBase"]
[SourceDate "2009.11.03"]
[SourceVersion "1"]
[SourceVersionDate "2009.11.03"]
[SourceQuality "1"]

1. d4 d5 2. Nf3 Nf6 3. c4 c6 4. Qc2 e6 5. Nbd2 Be7 6. g3 0-0 7. Bg2 Nbd7 8. 0-0 b6 9. b3 Bb7 10. Bb2 Rc8 11. Rad1 c5 12. dxc5 Bxc5 13. Qb1 Qe7 14. cxd5 exd5 15. e3 Ne4 16. Nd4 f5 17. Nxe4 dxe4 18. Bh3 g6 19. Bg2 Ba6 20. Rfe1 Bb4 21. Bf1 Bxf1 22. Rxf1 Ne5 23. Rc1 Ba3 24. Rxc8 Rxc8 25. Rc1 Rxc1+ 26. Qxc1 Bxb2 1/2-1/2

[Event "Borup op 4th"]
[Site "Borup"]
[Date "2009.09.11"]
[Round "6"]
[White "Jakobsen, Ole"]
[Black "Christensen, Thomas1"]
[Result "1/2-1/2"]
[WhiteElo "2344"]
[BlackElo "2166"]
[PlyCount "140"]
[EventDate "2009.09.04"]
[EventType "swiss"]
[EventRounds "9"]
[EventCountry "DEN"]
[SourceTitle "CBM 132 Extra"]
[Source "ChessBase"]
[SourceDate "2009.11.03"]
[SourceVersion "1"]
[SourceVersionDate "2009.11.03"]
[SourceQuality "1"]

1. d4 Nf6 2. Nf3 e6 3. g3 c5 4. Bg2 Nc6 5. 0-0 d5 6. b3 cxd4 7. Nxd4 Bc5 8. Bb2 Qb6 9. e3 Bd7 10. Nxc6 Bxc6 11. Nd2 Rc8 12. c4 d4 13. Bxc6+ Rxc6 14. exd4 Bxd4 15. Bxd4 Qxd4 16. Nf3 Qxd1 17. Rfxd1 Ke7 18. Ne5 Rc7 19. f3 Rd8 20. Rxd8 Kxd8 21. Kf2 Ke7 22. Ke3 Nd7 23. Nxd7 Rxd7 24. b4 Kd8 25. f4 f6 26. a3 Kc7 27. h4 e5 28. fxe5 Re7 29. Rd1 Rxe5+ 30. Kd3 Rf5 31. Ke3 Re5+ 32. Kf4 Re2 33. Rd3 Rc2 34. c5 Re2 35. h5 g6 36. hxg6 hxg6 37. Rd6 Rf2+ 38. Ke4 Rf1 39. Kd5 Rf3 40. g4 Rf4 41. b5 Rxg4 42. b6+ axb6 43. cxb6+ Kc8 44. Rxf6 Rg1 45. Rf8+ Kd7 46. Rf7+ Kc8 47. Rc7+ Kb8 48. a4 g5 49. a5 g4 50. Rg7 Rc1 51. Rxg4 Rc8 52. Rg7 Rh8 53. Kd6 Kc8 54. Rg6 Rd8+ 55. Kc5 Rh8 56. Rf6 Kd7 57. Rf7+ Kc8 58. Rc7+ Kb8 59. Rg7 Rd8 60. Rg5 Kc8 61. Rd5 Rh8 62. Kb5 Rg8 63. a6 bxa6+ 64. Kxa6 Kb8 65. Rd7 Rh8 66. Rb7+ Ka8 67. Rf7 Kb8 68. Rf6 Rg8 69. b7 Rh8 70. Rc6 Rg8 1/2-1/2

[Event "Borup op 4th"]
[Site "Borup"]
[Date "2009.09.05"]
[Round "2"]
[White "Jakobsen, Ole"]
[Black "Kulaots, Kaido"]
[Result "1/2-1/2"]
[WhiteElo "2344"]
[BlackElo "2575"]
[PlyCount "66"]
[EventDate "2009.09.04"]
[EventType "swiss"]
[EventRounds "9"]
[EventCountry "DEN"]
[SourceTitle "CBM 132 Extra"]
[Source "ChessBase"]
[SourceDate "2009.11.03"]
[SourceVersion "1"]
[SourceVersionDate "2009.11.03"]
[SourceQuality "1"]

1. d4 Nf6 2. c4 e6 3. Nf3 d5 4. cxd5 exd5 5. Qc2 Nc6 6. a3 Bg4 7. e3 Bd6 8. Bb5 0-0 9. Nc3 Ne7 10. Bd3 c5 11. dxc5 Bxc5 12. b4 Bd6 13. Bb2 Rc8 14. Nd4 Be5 15. f3 Bd7 16. 0-0 h5 17. Rac1 Qc7 18. h3 Bxd4 19. exd4 Qf4 20. Qf2 Nf5 21. Ne2 Qd2 22. Bxf5 Qxb2 23. Bxd7 Nxd7 24. Nf4 Qxc1 25. Rxc1 Rxc1+ 26. Kh2 Nf6 27. Qh4 Rd1 28. Nxh5 Nxh5 29. Qxh5 Rxd4 30. Qe5 Rd1 31. Qe2 Ra1 32. Qb2 Rd1 33. Qe2 Ra1 1/2-1/2

[Event "Borup op 4th"]
[Site "Borup"]
[Date "2009.09.04"]
[Round "1"]
[White "Shoker, Samy"]
[Black "Jakobsen, Ole"]
[Result "0-1"]
[WhiteElo "2488"]
[BlackElo "2344"]
[PlyCount "74"]
[EventDate "2009.09.04"]
[EventType "swiss"]
[EventRounds "9"]
[EventCountry "DEN"]
[SourceTitle "CBM 132 Extra"]
[Source "ChessBase"]
[SourceDate "2009.11.03"]
[SourceVersion "1"]
[SourceVersionDate "2009.11.03"]
[SourceQuality "1"]

1. g3 d5 2. Bg2 g6 3. Nf3 Bg7 4. 0-0 Nf6 5. d3 0-0 6. Nc3 d4 7. Na4 Nc6 8. c4 a5 9. a3 Re8 10. Rb1 e5 11. Bg5 Qe7 12. Nd2 Qf8 13. Bxf6 Bxf6 14. c5 Be6 15. b4 axb4 16. axb4 Reb8 17. b5 Na5 18. Qc2 Qd8 19. c6 b6 20. Ra1 Be7 21. Nc4 Nxc4 22. dxc4 Qd6 23. Rfd1 Qb4 24. Nb2 Qc3 25. Rac1 Ba3 26. Rd2 Bb4 27. Rdd1 Ra2 28. Qxc3 Bxc3 29. Nd3 Bxc4 30. Nxe5 Bxe2 31. Bd5 Ra5 32. Bxf7+ Kg7 33. Bc4 Bxd1 34. Rxd1 Ra1 35. Rxa1 Bxa1 36. Kf1 Ra8 37. Ke2 Re8 0-1

[Event "DEN-ch"]
[Site "Silkeborg"]
[Date "2009.04.11"]
[Round "8"]
[White "Jakobsen, Ole"]
[Black "Matthiesen, Martin"]
[Result "1-0"]
[WhiteElo "2352"]
[BlackElo "2291"]
[PlyCount "79"]
[EventDate "2009.04.04"]
[EventType "swiss"]
[EventRounds "9"]
[EventCountry "DEN"]
[SourceTitle "CBM 129 Extra"]
[Source "ChessBase"]
[SourceDate "2009.05.05"]
[SourceVersion "2"]
[SourceVersionDate "2009.05.20"]
[SourceQuality "1"]

1. d4 Nf6 2. c4 g6 3. Nc3 Bg7 4. e4 d6 5. f3 0-0 6. Be3 c5 7. Nge2 Qa5 8. d5 a6 9. Bd2 e6 10. Ng3 exd5 11. cxd5 Nbd7 12. a4 Qc7 13. Be2 c4 14. Qc2 Rb8 15. Be3 Ne5 16. 0-0 b5 17. axb5 axb5 18. Ra7 Qd8 19. Na2 b4 20. Qd2 b3 21. Nc3 Re8 22. Rfa1 Bd7 23. h3 h5 24. f4 Nd3 25. Bxd3 cxd3 26. Qxd3 h4 27. Nf1 Nxe4 28. Nxe4 Bb5 29. Qb1 Bxf1 30. Kxf1 f5 31. Ng5 Rxe3 32. Ne6 Rxe6 33. dxe6 Qf6 34. Ra8 Rxa8 35. Rxa8+ Kh7 36. Qe1 Qe7 37. Qe3 Qc7 38. e7 Qc4+ 39. Ke1 Qb4+ 40. Kd1 1-0

[Event "DEN-ch"]
[Site "Silkeborg"]
[Date "2009.04.10"]
[Round "7"]
[White "Rendboe, John Filip"]
[Black "Jakobsen, Ole"]
[Result "1/2-1/2"]
[WhiteElo "2199"]
[BlackElo "2352"]
[PlyCount "120"]
[EventDate "2009.04.04"]
[EventType "swiss"]
[EventRounds "9"]
[EventCountry "DEN"]
[SourceTitle "CBM 129 Extra"]
[Source "ChessBase"]
[SourceDate "2009.05.05"]
[SourceVersion "2"]
[SourceVersionDate "2009.05.20"]
[SourceQuality "1"]

1. d4 g6 2. c4 Bg7 3. Nc3 c5 4. d5 f5 5. g3 Bxc3+ 6. bxc3 Qa5 7. Qb3 Nf6 8. Bg2 0-0 9. Nf3 d6 10. 0-0 Nbd7 11. Bg5 Nb6 12. Nd2 Bd7 13. Rfe1 Ba4 14. Qb2 Qa6 15. e4 fxe4 16. Nxe4 Nxc4 17. Qe2 Bd7 18. a4 Ne5 19. Qxa6 bxa6 20. Bxf6 exf6 21. Nxd6 g5 22. Ne4 Nd3 23. Re3 c4 24. Nd6 Ne5 25. f4 gxf4 26. gxf4 Ng6 27. Re4 Rad8 28. Rxc4 Bxa4 29. Rcxa4 Rxd6 30. f5 Ne5 31. Rxa6 Rxa6 32. Rxa6 Rc8 33. Ra3 a5 34. d6 Rd8 35. Rxa5 Rxd6 36. Bd5+ Kg7 37. c4 Rb6 38. Rb5 Ra6 39. c5 Ra1+ 40. Kf2 Rc1 41. Ke3 Kh6 42. Kd2 Rf1 43. c6 Nxc6 44. Bxc6 Rf2+ 45. Ke3 Rxh2 46. Rb7 Rh3+ 47. Kd4 Kg5 48. Rg7+ Kf4 49. Kd5 Re3 50. Bd7 h5 51. Rg6 Rd3+ 52. Ke6 Rxd7 53. Kxd7 Kxf5 54. Rg1 h4 55. Ke7 Kf4 56. Kxf6 h3 57. Rf1+ Kg3 58. Kg5 h2 59. Ra1 Kg2 60. Kg4 h1Q 1/2-1/2

[Event "DEN-ch"]
[Site "Silkeborg"]
[Date "2009.04.04"]
[Round "1"]
[White "Molvig, Henrik"]
[Black "Jakobsen, Ole"]
[Result "0-1"]
[WhiteElo "2213"]
[BlackElo "2352"]
[PlyCount "122"]
[EventDate "2009.04.04"]
[EventType "swiss"]
[EventRounds "9"]
[EventCountry "DEN"]
[SourceTitle "CBM 129 Extra"]
[Source "ChessBase"]
[SourceDate "2009.05.05"]
[SourceVersion "2"]
[SourceVersionDate "2009.05.20"]
[SourceQuality "1"]

1. d4 g6 2. c4 Bg7 3. Nc3 c5 4. Nf3 cxd4 5. Nxd4 Nc6 6. e3 Nf6 7. Be2 0-0 8. 0-0 d6 9. b3 Bd7 10. Bb2 Qa5 11. a3 Rfc8 12. Rc1 Rab8 13. Qd2 a6 14. Rfd1 Qb6 15. b4 Ne5 16. Nd5 Nxd5 17. cxd5 Ba4 18. Rxc8+ Rxc8 19. Rc1 Qd8 20. Nf3 Nxf3+ 21. Bxf3 Rxc1+ 22. Qxc1 Bxb2 23. Qxb2 Qc7 24. Be2 Bb5 25. Bxb5 axb5 26. g3 Qc4 27. Qd2 Qb3 28. h4 Qxa3 29. Kh2 Qb3 30. Qd4 Qc2 31. Kg1 Qc1+ 32. Kh2 Qf1 33. Qd2 h5 34. Qc2 Kh7 35. Qd2 f6 36. e4 Kg7 37. Qe3 Qc4 38. Qe1 Kf7 39. Kg1 Qd4 40. Kh2 Qd3 41. Kg1 Qf3 42. Qf1 Qxe4 43. Qxb5 b6 44. Qxb6 Qxd5 45. b5 g5 46. Qb8 gxh4 47. gxh4 Qd1+ 48. Kg2 Qg4+ 49. Kf1 Qxh4 50. b6 Qh1+ 51. Ke2 Qe4+ 52. Kd2 h4 53. b7 h3 54. Qc8 Qb4+ 55. Ke2 h2 56. Qc6 Qb2+ 57. Kf1 Qb1+ 58. Ke2 h1Q 59. Qxh1 Qxh1 60. b8Q Qe4+ 61. Kf1 d5 0-1

[Event "Wch Seniors 18th"]
[Site "Bad Zwischenahn"]
[Date "2008.11.06"]
[Round "10"]
[White "Seuss, Oswald"]
[Black "Jakobsen, Ole"]
[Result "1-0"]
[WhiteElo "2195"]
[BlackElo "2351"]
[PlyCount "85"]
[EventDate "2008.10.28"]
[EventType "swiss"]
[EventRounds "11"]
[EventCountry "GER"]
[SourceTitle "EXT 2009"]
[Source "ChessBase"]
[SourceDate "2008.11.26"]
[SourceVersion "1"]
[SourceVersionDate "2008.11.26"]
[SourceQuality "1"]

1. e4 c5 2. Nf3 Nc6 3. d4 cxd4 4. Nxd4 Qb6 5. Nb3 Nf6 6. Nc3 e6 7. Be3 Qc7 8. a3 a6 9. f4 d6 10. Be2 b5 11. 0-0 Be7 12. Qd2 0-0 13. Bf3 Rb8 14. Rad1 Nd7 15. Nd4 Nxd4 16. Bxd4 Nb6 17. Qf2 Nc4 18. Qg3 f6 19. f5 Nxb2 20. Rde1 Nc4 21. Bg4 e5 22. Nd5 Qd8 23. Bf2 Bb7 24. Rd1 Bxd5 25. Rxd5 Qa5 26. Rd3 Rfc8 27. Bh5 Qd8 28. Qh4 Bf8 29. Bg6 h6 30. Qh5 Qd7 31. g4 Nb2 32. Rg3 d5 33. h4 Bc5 34. g5 Bxf2+ 35. Rxf2 dxe4 36. Kh2 fxg5 37. hxg5 Qd1 38. Bf7+ Kf8 39. Qg6 Rxc2 40. Rxc2 Qxc2+ 41. Rg2 Qc1 42. Qd6+ Kxf7 43. g6+ 1-0

[Event "Wch Seniors 18th"]
[Site "Bad Zwischenahn"]
[Date "2008.11.04"]
[Round "8"]
[White "Jorgensen, Jorgen"]
[Black "Jakobsen, Ole"]
[Result "0-1"]
[WhiteElo "2252"]
[BlackElo "2351"]
[PlyCount "52"]
[EventDate "2008.10.28"]
[EventType "swiss"]
[EventRounds "11"]
[EventCountry "GER"]
[SourceTitle "EXT 2009"]
[Source "ChessBase"]
[SourceDate "2008.11.26"]
[SourceVersion "1"]
[SourceVersionDate "2008.11.26"]
[SourceQuality "1"]

1. d4 g6 2. c4 Bg7 3. Nc3 c5 4. d5 d6 5. g3 Bxc3+ 6. bxc3 Qa5 7. Qb3 Nf6 8. Bg2 Nbd7 9. Nf3 Nb6 10. Nd2 Bd7 11. 0-0 Ba4 12. Qb2 Qa6 13. Re1 Nfd7 14. f4 Nxc4 15. Nxc4 Qxc4 16. e4 Qb5 17. Qf2 f6 18. Bh3 0-0-0 19. Bd2 Qa6 20. Rab1 Bc2 21. Rb2 Bd3 22. e5 Kb8 23. Bxd7 Rxd7 24. exf6 exf6 25. Re6 f5 26. Be3 Qc4 0-1

[Event "Borup op 3rd"]
[Site "Borup"]
[Date "2008.09.07"]
[Round "4"]
[White "Jakobsen, Ole"]
[Black "Ivanov, Mikhail M"]
[Result "1/2-1/2"]
[WhiteElo "2358"]
[BlackElo "2489"]
[PlyCount "53"]
[EventDate "2008.09.05"]
[EventType "swiss"]
[EventRounds "9"]
[EventCountry "DEN"]
[SourceTitle "CBM 126 Extra"]
[Source "ChessBase"]
[SourceDate "2008.11.05"]
[SourceVersion "1"]
[SourceVersionDate "2008.11.05"]
[SourceQuality "1"]

1. d4 Nf6 2. c4 g6 3. Nc3 Bg7 4. e4 0-0 5. Nge2 d6 6. f3 Nc6 7. Be3 Rb8 8. Qd2 a6 9. Rc1 Bd7 10. Nd1 Re8 11. Nf2 e5 12. d5 Ne7 13. g3 c5 14. Bg2 b5 15. b3 Nc8 16. Nd3 bxc4 17. bxc4 Nb6 18. 0-0 Na4 19. Rb1 Qc7 20. Rb3 Nb6 21. Rc1 h5 22. Qe1 Kh7 23. Bd2 Qa7 24. Kh1 Ba4 25. Rb2 Bd7 26. Rb3 Ba4 27. Rb2 1/2-1/2

[Event "DEN-ch"]
[Site "Silkeborg"]
[Date "2008.03.21"]
[Round "7"]
[White "Jakobsen, Ole"]
[Black "Knudsen, Per Bek"]
[Result "1-0"]
[WhiteElo "2372"]
[BlackElo "2305"]
[PlyCount "171"]
[EventDate "2008.03.15"]
[EventType "swiss"]
[EventRounds "9"]
[EventCountry "DEN"]
[SourceTitle "CBM 123 Extra"]
[Source "ChessBase"]
[SourceDate "2008.05.06"]
[SourceVersion "1"]
[SourceVersionDate "2008.05.06"]
[SourceQuality "1"]

1. d4 d5 2. Nf3 Nf6 3. c4 c6 4. e3 Bg4 5. Nc3 e6 6. h3 Bh5 7. Qb3 Qb6 8. Ne5 Nfd7 9. Nd3 f6 10. Nf4 Bf7 11. Qxb6 axb6 12. cxd5 exd5 13. Bd3 b5 14. h4 g6 15. g4 Na6 16. Kd1 Nc7 17. Bd2 b4 18. Nce2 b6 19. Rc1 c5 20. Bxb4 Ra7 21. Bc3 Rxa2 22. g5 c4 23. Bb1 Ra7 24. e4 b5 25. f3 fxg5 26. hxg5 Be7 27. Bd2 0-0 28. Nc3 Nb6 29. Ke2 b4 30. Ncxd5 Nbxd5 31. Nxd5 Nxd5 32. exd5 Bxd5 33. Be4 Bxe4 34. fxe4 Ra2 35. Rxc4 Rxb2 36. Rg1 Rf4 37. d5 Rh4 38. Rg2 Bd6 39. Kd3 Rh3+ 40. Kd4 Rbb3 41. Rc8+ Kg7 42. Rd8 Rbd3+ 43. Kc4 Be5 44. Rd7+ Kg8 45. Rf2 Rhf3 46. Rxf3 Rxf3 47. Bxb4 Re3 48. Be7 Rxe4+ 49. Kc5 Bf4 50. Bf6 h6 51. Rg7+ Kf8 52. Rxg6 hxg5 53. Bxg5 Be5 54. Ra6 Kf7 55. Bd2 Re2 56. Ra2 Ke8 57. d6 Bxd6+ 58. Kxd6 Kf7 59. Ra7+ Kf6 60. Bc3+ Kf5 61. Kd5 Kf4 62. Rf7+ Kg5 63. Be5 Ra2 64. Bd4 Ra8 65. Ke4 Ra6 66. Rf1 Kg6 67. Rg1+ Kf7 68. Rg7+ Ke8 69. Kd5 Ra5+ 70. Kc6 Kf8 71. Rb7 Ra6+ 72. Bb6 Ra2 73. Bc5+ Kg8 74. Kd5 Rh2 75. Bd6 Rh7 76. Rb1 Rh5+ 77. Be5 Kf7 78. Rb7+ Kg6 79. Ke6 Rh7 80. Rb1 Ra7 81. Rg1+ Kh7 82. Kf5 Ra2 83. Rg7+ Kh6 84. Rb7 Ra5 85. Rb8 Ra7 86. Rb2 1-0